| 000 | 01124nam a22002657a 4500 | ||
|---|---|---|---|
| 003 | SEM | ||
| 999 |
_c69827 _d69827 |
||
| 005 | 20220608074449.0 | ||
| 008 | 191011b ||||| |||| 00| 0 arm d | ||
| 020 | _a9789939511337 | ||
| 040 |
_aSEM _cSEM |
||
| 041 | _aarm. | ||
| 080 | _a347(47.925)/Ե-17 | ||
| 100 | _aԵնգիբարյան Վահե | ||
| 245 |
_aԴատարան և արդարադատություն: / _cՎ. Ենգիբարյան; Խմբ.՝ Հ. Սարգսյան, Ա. Հարությունյան; ՀՀ Դատավորների միություն |
||
| 246 |
_aCourt and justice. _bFamily law manual. / |
||
| 260 |
_aԵրևան: _bԱնտարես, _c2009. |
||
| 300 |
_a90 էջ; _c20 սմ |
||
| 440 | _aԸնտանեկան հանրամատչելի իրավաբանական գրադարան | ||
| 504 | _aԾանոթագր.՝ էջ 90 | ||
| 650 |
_aԴատական համակարգ _zՀայաստանի Հանրապետություն |
||
| 700 |
_aՍարգսյան Հրաչիկ _eխմբ. _4edt. |
||
| 700 |
_aՀարությունյան Ամալյա _eխմբ. _4edt. |
||
| 710 | _aՀՀ Դատավորների միություն | ||
| 942 |
_2udc _cBK |
||